The Master plan of evangelism / (Record no. 8268)
[ view plain ]
| 000 -LEADER | |
|---|---|
| fixed length control field | 00954cam a22002532 4500 |
| 001 - CONTROL NUMBER | |
| control field | 0000012666 |
| 005 - DATE AND TIME OF LATEST TRANSACTION | |
| control field | 20151217152112.0 |
| 008 - FIXED-LENGTH DATA ELEMENTS--GENERAL INFORMATION | |
| fixed length control field | 090305s xx 000 0 eng d |
| 020 ## - INTERNATIONAL STANDARD BOOK NUMBER | |
| International Standard Book Number | 0800786243 : |
| 040 ## - CATALOGING SOURCE | |
| Original cataloging agency | KABU |
| Transcribing agency | KABU |
| 100 1# - MAIN ENTRY--PERSONAL NAME | |
| Personal name | Coleman, Robert E. |
| -- | 0000159854 |
| 245 14 - TITLE STATEMENT | |
| Title | The Master plan of evangelism / |
| Statement of responsibility, etc. | Robert E. Coleman, forward by Billy Graham; with study guide by Roy J. Fish. |
| 260 ## - PUBLICATION, DISTRIBUTION, ETC. (IMPRINT) | |
| Place of publication, distribution, etc. | Grand Rapids, MI. : |
| Name of publisher, distributor, etc. | Fleming H. Revell, |
| Date of publication, distribution, etc. | 1993. |
| 300 ## - PHYSICAL DESCRIPTION | |
| Extent | 142 p. |
| 650 #0 - SUBJECT ADDED ENTRY--TOPICAL TERM | |
| Topical term or geographic name as entry element | Jesus Christ |
| General subdivision | Evangelistic methods. |
| -- | 0000169550 |
| 700 1# - ADDED ENTRY--PERSONAL NAME | |
| Personal name | Fish, Roy J. |
| -- | 0000169551 |
| 852 1# - LOCATION | |
| -- | p390 |
| 852 1# - LOCATION | |
| -- | p390 |
| 852 1# - LOCATION | |
| -- | p390 |
| 852 1# - LOCATION | |
| -- | p390 |
| 852 1# - LOCATION | |
| -- | p390 |
| 908 ## - PUT COMMAND PARAMETER (RLIN) | |
| Put command parameter | 090305 |
| 950 ## - LOCAL HOLDINGS (RLIN) | |
| -- | 1 |
| Withdrawn status | Lost status | Source of classification or shelving scheme | Not for loan | Home library | Current library | Date acquired | Total Checkouts | Full call number | Barcode | Date last seen | Price effective from | Koha item type | Total Renewals | Checked out | Date last checked out |
|---|---|---|---|---|---|---|---|---|---|---|---|---|---|---|---|
| Library of Congress Classification | Kabarak, Main Campus | Kabarak, Main Campus | 17/12/2015 | BT590 .E8C65 1993 c. 1 | 16991 | 17/12/2015 | 17/12/2015 | General Collection | |||||||
| Library of Congress Classification | Kabarak, Main Campus | Kabarak, Main Campus | 17/12/2015 | BT590 .E8C65 1993 c. 2 | 16987 | 02/08/2024 | 17/12/2015 | General Collection | |||||||
| Library of Congress Classification | Kabarak, Main Campus | Kabarak, Main Campus | 17/12/2015 | BT590 .E8C65 1993 c. 3 | 16988 | 02/08/2024 | 17/12/2015 | General Collection | |||||||
| Library of Congress Classification | Kabarak, Main Campus | Kabarak, Main Campus | 17/12/2015 | BT590 .E8C65 1993 c. 4 | 16989 | 02/08/2024 | 17/12/2015 | General Collection | |||||||
| Library of Congress Classification | Kabarak, Main Campus | Kabarak, Main Campus | 17/12/2015 | 2 | BT590 .E8C65 1993 c. 5 | 16990 | 01/04/2025 | 17/12/2015 | General Collection | 4 | 19/03/2026 | 01/04/2025 |